|
|
|
|
| LEADER |
00000nam0a2200000 4500 |
| 001 |
268085 |
| 005 |
20231101234133.0 |
| 035 |
|
|
|a (RuTPU)RU\TPU\book\291212
|
| 090 |
|
|
|a 268085
|
| 100 |
|
|
|a 20140826d1987 k y0rusy50 ca
|
| 101 |
0 |
|
|a rus
|
| 102 |
|
|
|a RU
|
| 105 |
|
|
|a a z 001zy
|
| 200 |
1 |
|
|a Рельеф и строение дна океанов
|f Г. Б. Удинцев
|
| 210 |
|
|
|a Москва
|c Недра
|d 1987
|
| 215 |
|
|
|a 240 с.
|c ил.
|
| 320 |
|
|
|a Библиогр.: с. 230-231
|
| 320 |
|
|
|a Указатель географических названий: с. 232-238
|
| 606 |
1 |
|
|a Океаны
|x Геология
|2 stltpush
|3 (RuTPU)RU\TPU\subj\46871
|9 65964
|
| 610 |
1 |
|
|a рельеф
|
| 610 |
1 |
|
|a Тихий океан
|
| 610 |
1 |
|
|a Индийский океан
|
| 610 |
1 |
|
|a Атлантический океан
|
| 610 |
1 |
|
|a Северный Ледовитый океан
|
| 610 |
1 |
|
|a развитие
|
| 610 |
1 |
|
|a полезные ископаемые
|
| 610 |
1 |
|
|a земная кора
|
| 610 |
1 |
|
|a строение
|
| 610 |
1 |
|
|a экзогенные процессы
|
| 675 |
|
|
|a 551.462
|v 4
|
| 700 |
|
1 |
|a Удинцев
|b Г. Б.
|g Глеб Борисович
|
| 801 |
|
1 |
|a RU
|b 63413507
|c 20140826
|
| 801 |
|
2 |
|a RU
|b 63413507
|c 20170217
|g RCR
|
| 942 |
|
|
|c BK
|